000 00582nam a22002297a 4500
003 UA-OsUOA
001 62536
007 ta
008 20090902b un ||||| |||| 00| 0 ukr d
100 _aБерезанская Е. С.
090 _a511.1
_bБ48
942 _cBK
040 _aUA-OsUOA
_brus
_cUA-OsUOA
_dUA-OsUOA
245 _aСборник задач и упражнений по арифметике
300 _a286 с.
955 _a2
041 _arus
080 _a511.1
260 _aМ.
_c1953
650 7 _a511 Теорія чисел
_2UDC
999 _c348623
_d348623